| 000 | 00595nam a22001817a 4500 | ||
|---|---|---|---|
| 003 | 0 | ||
| 005 | 20250910151206.0 | ||
| 008 | 250910b xxu||||| |||| 00| 0 eng d | ||
| 020 | _a978-1-77956-313-2 | ||
| 050 |
_aHF 5415.2 _b.M37 2025 |
||
| 245 |
_aMarketing research / _cedited by Roberto Castaneda Sarabia. |
||
| 260 |
_aCanada : _bToronto Academic Press, _c2025. |
||
| 300 |
_axii, 415 pages : _bcolored illustrations ; _c26 cm. |
||
| 504 | _aIncludes bibliographical references and index. | ||
| 650 | _aMarketing research. | ||
| 650 |
_aMarketing _xResearch _vMethodology. |
||
| 942 |
_2lcc _cBK |
||
| 999 |
_c367872 _d367872 |
||